000 00401nam a2200181Ia 4500
001 3640
005 20260306145658.0
008 260306t2004||||xx |||||||||||||| ||spa||
041 _aESP
082 _a301
_bE48
100 _aEmber, Carol R.
_eAUT
245 0 _aAntropologĂ­a
260 _c2004
300 _a752 páginas :
_c19 cm.
650 _aGEN
654 _aCHU
942 _cLIB
_dJUS
_fJUS
_2ddc
_n
999 _c3640
_d3640